02432nam a2200325 i 4500001000700000003000700007005001700014007000300031008004100034017004900075020001800124035001300142040002900155080002100184100002900205245008600234250002800320264003800348300005400386336002200440337003000462338002400492490003200516500001300548520134900561655002201910700004501932830002501977852010402002193249SpMaBN20240828063033.0ta201203s2020 sp a | |||| 000 p spa  aM 8882-2020bOficina Depósito Legal Madrid a9788417397913 aa6756234 aSpMaBNbspacSpMaBNerda a821.134.2-14"19"1 aNistal, Gloria4auteaut10aNueve razones / cGloria Nistal ; prólogo de María Antonia García de León aPrimera edición: 2020 1aMadrid :bSial Pigmalión,c2020 a110 páginas :b1 ilustración (color) ;c21 cm aTexto2rdacontent asin mediación2rdamedia avolumen2rdacarrier0 aPigmalión poesía ;v106 aÍndice aNuestra Gloria Nistal es minera de la vida, arranca de la veta que encuentra el mejor metal precioso que pueda extraerle. Como placas geológicas, van discurriendo en Nueve razones, su último libro de poemas, los estratos del corazón de la autora. (…) El primer estrato es su lidiar entre las constricciones del laboro (como dicen por aquellos pagos) y la ebriedad de viajes y lírica, de deseo y pasión. El segundo estrato son sus épicas, las que se encuentra y registra líricamente aquí, en sus poemas, en su ancho ir y venir por el mundo. A saber: su épica ecologista, su épica pacifista, su épica feminista, siempre en pro de las mujeres. En suma, los tres ejes en que se están desenvolviendo, y se desenvolverán, las vanguardias del siglo xxi, y los movimientos sociales más interesantes. El tercer estrato entra en el género de les confessions (dicho al modo de Rousseau). Contra los tiempos oscuros, los valores. Ahora que el mundo cae en el estupor mediático, la droga publicitaria, la masa de androides ideológicos, son radicalmente necesarios unos valores bien asentados, unas certezas sabias. Nuestra poeta es una heroína de esto que propongo de urgente necesidad. Lector/ra, atrévete. Conocer y leer a Gloria Nistal es un antídoto contra los tiempos desesperanzados-desesperados que corren. 7aPoesías2tgfbne1 aGarcía de León, María Antoniaeaui aPoesía Pigmalión aES-MaACLb154646cDEPOJhDonación: Gloria Nistal jN-9417xEncuadernación rústica con solapas